Crescimento de Eucalyptus grandis submetido a diferentes intensidades de desrama artificial na região de Dionísio, MG (Registro n. 298912)
[ somente texto ]
| 000 -LÍDER | |
|---|---|
| fixed length control field | 01043nab a2200277 4500 |
| 003 - CÓDIGO MARC DA AGÊNCIA CATALOGADORA | |
| Campo de controle | BR-BrBNA |
| 005 - DATA E HORA DA ÚLTIMA ATUALIZAÇÃO | |
| Campo de controle | 20240324132903.0 |
| 008 - CAMPO DE TAMANHO FIXO | |
| fixed length control field | 240324b bl.||||| |||| 00| 0 por d |
| 040 ## - FONTE DA CATALOGAÇÃO | |
| Agência catalogadora | BR-BrBNA |
| Idioma da catalogação | por |
| 072 ## - CATEGORIA AGRIS | |
| Código AGRIS | K01 ; K10 |
| Código do objeto | 3240 |
| 100 ## - ENTRADA PRINCIPAL - NOME PESSOAL | |
| Nome pessoal | Pires, Bernardo Machado |
| 100 ## - ENTRADA PRINCIPAL - NOME PESSOAL | |
| Nome pessoal | Reis, Maria das Graças Ferreira |
| 100 ## - ENTRADA PRINCIPAL - NOME PESSOAL | |
| Nome pessoal | Reis, Geraldo Gonçalves dos |
| 245 ## - TÍTULO PRINCIPAL | |
| Título principal | Crescimento de Eucalyptus grandis submetido a diferentes intensidades de desrama artificial na região de Dionísio, MG |
| Subtítulo | Pesquisa |
| 500 ## - NOTA GERAL | |
| Nota geral | Summaries (eng, por); 21 ref.; 3 illus.; 4 tables |
| 942 ## - ADDED ENTRY ELEMENTS (KOHA) | |
| Koha item type | |
| 650 ## - ASSUNTO - THESAGRO | |
| Cabeçalho tópico ou nome geográfico | EUCALYTUS GRANDIS |
| 650 ## - ASSUNTO - THESAGRO | |
| Cabeçalho tópico ou nome geográfico | PESQUISA FLORESTAL |
| 650 ## - ASSUNTO - THESAGRO | |
| Cabeçalho tópico ou nome geográfico | PODA |
| 650 ## - ASSUNTO - THESAGRO | |
| Cabeçalho tópico ou nome geográfico | CRESCIMENTO |
| 650 ## - ASSUNTO - THESAGRO | |
| Cabeçalho tópico ou nome geográfico | PRODUTIVIDADE DA PLANTA |
| 650 ## - ASSUNTO - THESAGRO | |
| Cabeçalho tópico ou nome geográfico | DIONÍSIO |
| 650 ## - ASSUNTO - THESAGRO | |
| Cabeçalho tópico ou nome geográfico | MINAS GERAIS |
| 773 0# - ENTRADA ANALÍTICA | |
| Host Biblionumber | 1357 |
| Registro do item | 4682 |
| Imprenta | Brasília-DF Instituto Brasileiro de Desenvolvimento Florestal 1970 |
| Outro identificador | 2023-07826 |
| Título | Brasil Florestal (Brazil) |
| ISSN | 0045-270X |
| Colação | v. 21(73) p.13-21; (Apr 2002) |
| Número de controle de registro | BR2024000517 |
Nenhum exemplar disponível.

BINAGRI